Bilecik Bilecik Bilecik Bilecik Bilecik

Vektor mechanics for engineers : (Record no. 6716)

MARC details
000 -BAŞLIK
Sabit Uzunluktaki Kontrol Alanı 01113nam a22003497a 4500
001 - KONTROL NUMARASI
Control Dosyası 0006735
003 - KONTROL NUMARASI KİMLİĞİ
Kontrol Alanı KOHA_MİRAKIL
005 - EN SON İŞLEM TARİHİ ve ZAMANI
Kontrol Alanı 20260207001533.0
007 - FİZİKSEL TANIM SABİT ALAN - GENEL BİLGİ
Sabit uzunluklu kontrol alanı ta
008 - SABİT UZUNLUKTAKİ VERİ ÖGELERİ - GENEL BİLGİ
Sabit Alan 090810b1977 us |||gr||||#||||0|eng |
020 ## - ISBN - ULUSLARARASI STANDART KİTAP NUMARASI
Isbn 0071004556
040 ## - KATALOGLAMA KAYNAĞI
Özgün Kataloglama Kurumu TR-BiSEU
Kataloglama Dili tur
Çeviri Kurumu TR-BiSEU
Açıklama Kuralları rda
041 0# - DİL KODU
Metin ya da ses kaydının dil kodu eng
044 ## - YAYINLAYAN/ÜRETEN KURULUŞUN ÜLKE KODU
ISO country code us
050 ## - SINIFLAMA ve YER NUMARASI
Sınıflama Numarası QA807
Yer Numarası .B44 1977
100 1# - KİŞİ ADI
Yazar Adı (Kişi adı) Beer, Ferdinand P..
245 1# - ESER ADI BİLDİRİMİ
Başlık Vektor mechanics for engineers :
Alt Eseradı vb. dynamics/
Sorumluluk Bildirimi Ferdinand P. Beer ; Ferdinand P. Beer, E. Russell Johnston.
250 ## - BASIM BİLDİRİMİ
Basım Bildirimi 2. bs.
264 #1 - ÜRERİM, YAYIN, DAĞITIM ve TELİF BİLDİRİMİ
Yayın yeri Singapore :
Yayınlayan McGraw - Hill Book Company, 1977
Yayın tarihi 1977
300 ## - FİZİKSEL TANIMLAMA
Sayfa, Cilt vb. XVIII,1045 sayfa: tablo
336 ## - İÇERİK TÜRÜ
Content type term metin
Content type code txt
Source rdacontent
337 ## - MEDYA TÜRÜ
Media type term aracısız
Media type code n
Source rdamedia
338 ## - TAŞIYICI TÜRÜ
Carrier type term cilt
Carrier type code nc
Source rdacarrier
500 ## - GENEL NOT
Genel Not Dizin var.
650 #0 - KONU BAŞLIĞI EK GİRİŞ - KONU TERİMİ
Konusal terim veya coğrafi ad Mechanics, Applied.
9 (RLIN) 5198
650 #0 - KONU BAŞLIĞI EK GİRİŞ - KONU TERİMİ
Konusal terim veya coğrafi ad Vector analysis.
9 (RLIN) 5199
650 #0 - KONU BAŞLIĞI EK GİRİŞ - KONU TERİMİ
Konusal terim veya coğrafi ad Mechanics, Applied--Problems, exercises etc.
9 (RLIN) 16646
650 #0 - KONU BAŞLIĞI EK GİRİŞ - KONU TERİMİ
Konusal terim veya coğrafi ad Mekanik, Uygulamalı.
9 (RLIN) 16647
650 #0 - KONU BAŞLIĞI EK GİRİŞ - KONU TERİMİ
Konusal terim veya coğrafi ad Vektör analizi.
9 (RLIN) 16648
650 #0 - KONU BAŞLIĞI EK GİRİŞ - KONU TERİMİ
Konusal terim veya coğrafi ad Mekanik, Uygulamalı--Problemler, alıştırmalar,vb.
9 (RLIN) 16649
942 ## - EK GİRİŞ ÖGELERİ (KOHA)
Source of classification or shelving scheme Library of Congress Classification
Koha item type Book
Holdings
Materyal Türü Kalıcı Konum Mevcut Konum Raf Yeri Sınıflandırma Kaynağı Edinim Bilgisi Ana Konular Alt Konular Yer Numarası Demirbaş Numarası Fatura Tarihi Maliyet, Alış Fiyatı Maliyet, Yenileme Fiyatı Geri Çekilme Durumu Kayıp Durumu Hasarlı Durumu Kredi için değil Kayıt Tarih Toplam Ödünçverme Son Görülme Tarihi Son Kontrol Tarihi Genel / Bağış Notu
Book Prof. Dr. Azmi Özcan Kütüphanesi Prof. Dr. Azmi Özcan Kütüphanesi Birûni Salonu Library of Congress Classification Bağış BİLİM Matematik QA807 .B44 1977 0006735 13/08/2010 2.00 2.00         10/08/2009   05/12/2024 05/12/2024 Boğaziçi Üniversitesi